Online Catalogue and eLibrary

Nilavukkul sooriyan (Record no. 4208)

MARC details
000 -LEADER
fixed length control field 00353nam a2200145Ia 4500
005 - DATE AND TIME OF LATEST TRANSACTION
control field 20250401084159.0
008 - FIXED-LENGTH DATA ELEMENTS--GENERAL INFORMATION
fixed length control field 240331s9999 xx 000 0 und d
082 ## - DDC Classification
Item Number - Author Mark THI
Class No. 894
100 ## - MAIN ENTRY--PERSONAL NAME
Personal name Thilagavathy,
245 #0 - TITLE STATEMENT
Title Nilavukkul sooriyan
260 ## - PUBLICATION, DISTRIBUTION, ETC.
Place of publication, distribution, etc. Chennai
Name of publisher, distributor, etc. Alaikal Achagam
Date of publication, distribution, etc. 1992
300 ## - PHYSICAL DESCRIPTION
Extent (e.g. Volumes, Pages etc.) 151 p .,
500 ## - GENERAL NOTE
General note A Tamil Social Novel
942 ## - Koha item type (Biblio)
Koha item type Books in Stacks (Lending)
Holdings
Lost status Damaged status Collection code Home library Current library Shelving location Date acquired Full call number Accession Number Item type
    Lending WERC Library WERC Library Social Science Cupboard 03/31/2024 894.811 THI 3664 Books in Stacks (Lending)

© WERC Library